揭開生命奧秘
| 資料類型: | 圖書 | 書目號: | 35698 |
Leader xxxxxxxxxx 001 __ PCLIS00035698 005 __ 20051216143441.41 010 0_ |a957-|b平裝|dNT$ 020 __ |acw|b82005151 100 __ |a20051216d2005 0chib0109 e 101 0_ |achi 102 __ |acw 105 __ |aa z 000yy 200 1_ |a揭開生命奧秘|e|f陳蒼杰等編譯|g 205 __ |a初版 210 __ |a臺北市|c將軍|d民71年 215 0_ |a面|c圖, 表|d公分 225 1_ |a|v 300 __ |a 681 __ |a859.6|b 700 __ |a陳蒼杰等|b|4編譯 702 _1 |a|b|4 801 __ |acw|b本館|c20051216 |